Epistemology, logica and grammer in the analysis of sentence-meaning 2 Vols. (Record no. 1433661)
[ view plain ]
| 000 -LEADER | |
|---|---|
| fixed length control field | 00830nam a22002177a 4500 |
| 005 - DATE AND TIME OF LATEST TRANSACTION | |
| control field | 20250715144212.0 |
| 008 - FIXED-LENGTH DATA ELEMENTS--GENERAL INFORMATION | |
| fixed length control field | 250715b |||||||| |||| 00| 0 eng d |
| 020 ## - INTERNATIONAL STANDARD BOOK NUMBER | |
| International Standard Book Number | 978-88185-133-49-2(hbk) |
| 037 ## - SOURCE OF ACQUISITION | |
| Terms of availability | TB |
| 040 ## - CATALOGING SOURCE | |
| Original cataloging agency | CRL |
| Transcribing agency | CRL |
| 084 ## - COLON CLASSIFICATION NUMBER | |
| Classification number | R2:(P15:3) N1;R5.1-.2 |
| Assigning agency | CRL |
| 100 ## - MAIN ENTRY--PERSONAL NAME | |
| Personal name | Bhatta, V. P. |
| 245 ## - TITLE STATEMENT | |
| Title | Epistemology, logica and grammer in the analysis of sentence-meaning 2 Vols. |
| 260 ## - PUBLICATION, DISTRIBUTION, ETC. | |
| Place of publication, distribution, etc. | Delhi, India: |
| Name of publisher, distributor, etc. | Eastern Book Liners, |
| Date of publication, distribution, etc. | 2025. |
| 300 ## - PHYSICAL DESCRIPTION | |
| Extent | xxxvii,313p. (Vol. 1) |
| Other physical details | ix,229p. (Vol. 2) |
| 365 ## - TRADE PRICE | |
| Price amount | 1500.00 |
| Currency code | INR |
| 440 ## - SERIES STATEMENT/ADDED ENTRY--TITLE | |
| Volume/sequential designation | Vol. 1-2 |
| 650 ## - SUBJECT ADDED ENTRY--TOPICAL TERM | |
| Source of heading or term | philosophy |
| 942 ## - ADDED ENTRY ELEMENTS (KOHA) | |
| Source of classification or shelving scheme | Colon Classification (CC) |
| Koha item type | Textbook |
| Classification part | R2:(P15:3) N1;R5.1-.2 |
| Suppress in OPAC | No |
| Withdrawn status | Lost status | Source of classification or shelving scheme | Damaged status | Not for loan | Home library | Current library | Date acquired | Source of acquisition | Cost, normal purchase price | Serial Enumeration / chronology | Inventory number | Total Checkouts | Full call number | Barcode | Date last seen | Price effective from | Koha item type |
|---|---|---|---|---|---|---|---|---|---|---|---|---|---|---|---|---|---|
| Colon Classification (CC) | Central Library | Central Library | 2025-07-15 | Eastern Book Linkers | 1500.00 | Vol. 1 | 127 & 2025-02-04 | R2:(P15:3) N1;R5.1-.2 | CL1682907 | 2025-07-15 | 2025-07-15 | Textbook | |||||
| Colon Classification (CC) | Central Library | Central Library | 2025-07-15 | Eastern Book Linkers | 1500.00 | Vol. 2 | 127 & 2025-02-04 | R2:(P15:3) N1;R5.1-.2 | CL1682908 | 2025-07-15 | 2025-07-15 | Textbook |
